Statistics for All Flag Quiz

Click here to take the quiz!

General Stats

  • This quiz has been taken 11 times
  • The average score is 8 of 15

Answer Stats

Answer% Correct
Argentina
100%
Soviet Union
100%
Scotland
82%
California
73%
European Union
73%
Romania
73%
Macedonia
64%
Peru
55%
Catalonia
36%
Holy Roman Empire
27%
Ontario
27%
Arizona
18%
Indiana
18%
Naples
18%
Sicily
18%

Score Distribution

Percentile by Number Answered

Percent of People with Each Score

Your Score History

You have not taken this quiz